000 01232nam a2200301 a 4500
001 25492
003 CO-ViMGA
005 20230915232100.0
008 141112s2004 ck r 000 u spa d
015 _ack - 2012 - xxxx
020 _a9789587584677
040 _aCO-ViMGA
_bspa
_cCO-ViMGA
041 _aspa eng
082 0 4 _a339.46 B15r
100 1 _aBanerjee, Abhijit Vinayak.
_938918
245 1 0 _aRepensar la pobreza :
_bun giro radical en la lucha contra la desigualda global /
_cAbhijit V. Banerjee y Esther Duflo ; traducción de F. Javier Mato Díaz.
250 _a1a. reimpr.
260 _aBogotá :
_bEditorial Taurus,
_c2012.
300 _a372 p. ; 24 cm.
490 _aTaurus. Pensamiento
504 _aIncluye bibliografías e índice.
650 1 4 _aAsistencia económica - Países en desarrollo.
_938919
700 1 _aDuflo, Esther, 1972 -
_938920
942 _2ddc
_cBK
949 _an n
999 _c33077
_d33077